Logo BPK

Biblioteka

Politechniki Koszalińskiej

Kieszonkowy słownik handlowy dla biznesmenów i menadżerów : (Rekord nr 29791)

Szczegóły MARC
000 -ETYKIETA REKORDU
podpole kontrolne o stałej długości 01296nam a2200361 i 4500
001 - NUMER KONTROLNY REKORDU
pole kontrolne 29791
003 - IDENTYFIKATOR NUMERU KONTROLNEGO REKORDU
podpole kontrolne KOSZ 005
005 - DATA OSTATNIEJ MODYFIKACJI REKORDU
podpole kontrolne 20200624082819.0
008 - POLE O STAŁEJ DŁUGOŚCI - DANE KONTROLNE
podpole kontrolne o stałej długości s1992 pl f |000 0 pol
040 ## - ŹRÓDŁO KATALOGOWANIA
Instytucja, która utworzyła rekord KOSZ 005
Instytucja, która sporządziła opis KOSZ 005
Instytucja, która dokonała modyfikacji KOSZ 005/EG
041 ## - KOD JĘZYKA
Kod języka tekstu pol
080 ## - UNIWERSALNA KLASYFIKACJA DZIESIĘTNA - UKD
UKD 339
080 ## - UNIWERSALNA KLASYFIKACJA DZIESIĘTNA - UKD
UKD 811.111:811.162.1'374
245 00 - TYTUŁ/ODPOWIEDZIALNOŚĆ
Tytuł Kieszonkowy słownik handlowy dla biznesmenów i menadżerów :
Ciąg dalszy tytułu angielsko-polski, polsko-angielski /
Pozostałe elementy strefy tytułu i oznaczenia odpowiedzialności oprac. i dobór terminów i zwrotów Stanisław Skory, Mirosław Jasiński.
250 ## - STREFA WYDANIA
Oznaczenie wydania Wyd. 2 poszerz.
260 ## - STREFA ADRESU WYDAWNICZEGO
Miejsce wydania Gdańsk :
Nazwa wydawcy/dystrybutora Gdańska Grupa Promocyjna,
Data publikacji, dystrybucji/powstania dokumentu 1992.
300 ## - STREFA OPISU FIZYCZNEGO
Objętość 218, [4] s. ;
Rozmiary 14 cm.
336 ## - TYP ZAWARTOŚCI
Źródło (terminu i kodu) rdacontent
Termin opisujący typ zawartości Tekst
Kod określający zawartość txt
337 ## - TYP MEDIÓW
Źródło (terminu i kodu) rdamedia
Tryb odtwarzania Bez urządzenia pośredniczącego
Kod typu mediów n
338 ## - TYP/RODZAJ NOŚNIKA
Źródło (terminu i kodu) rdacarrier
Hasło opisujące typ nośnika Wolumin
Kod typu nośnika nc
380 ## - FORMA I TYP PUBLIKACJI
Forma i typ publikacji Książki
388 ## - CZAS POWSTANIA
Czas powstania 1901-2000
388 ## - CZAS POWSTANIA
Czas powstania 1989-2000
650 #7 - HASŁO PRZEDMIOTOWE W FORMIE NAZWY OGÓLNEJ LUB JEDNOSTKOWEJ
Nazwa ogólna lub geograficzna Handel
655 #7 - TERMIN INDEKSOWY - OKREŚLENIE RODZAJU/FORMY DOKUMENTU
Określenie rodzaju/formy dokumentu Słownik angielsko-polski
655 #7 - TERMIN INDEKSOWY - OKREŚLENIE RODZAJU/FORMY DOKUMENTU
Określenie rodzaju/formy dokumentu Słownik polsko-angielski
655 #7 - TERMIN INDEKSOWY - OKREŚLENIE RODZAJU/FORMY DOKUMENTU
Określenie rodzaju/formy dokumentu Słownik terminologiczny
658 ## - TERMIN INDEKSOWY - PRZEDMIOT PROGRAMU NAUCZANIA
Główny przedmiot programu nauczania Językoznawstwo
700 1# - HASŁO DODATKOWE - NAZWA OSOBOWA
Nazwa osobowa Skory, Stanisław
Określenie związku między hasłem a opisywanym materiałem Opracowanie
700 1# - HASŁO DODATKOWE - NAZWA OSOBOWA
Nazwa osobowa Jasiński, Mirosław
Określenie związku między hasłem a opisywanym materiałem Opracowanie
856 ## - LOKALIZACJA I DOSTĘP DO ELEKTRONICZNYCH DOKUMENTÓW ZDALNYCH
Link (URL) http://koha.tu.koszalin.pl/cgi-bin/koha/opac-detail.pl?biblionumber=29791
Tekst linku Katalog online BPK
942 ## - DODATKOWE ELEMENTY (KOHA)
Typ dokumentu Książka
Schemat klasyfikacji Uniwersalna Klasyfikacja Dziesiętna
Egzemplarze
Wycofany Status egzemplarza Uszkodzony Dostępność Lokalizacja stała Lokalizacja bieżąca Miejsce przechowywania Sygnatura Kod kreskowy Dział Typ dokumentu
      Tylko na miejscu Biblioteka Politechniki Koszalińskiej Biblioteka Politechniki Koszalińskiej Czytelnia BG 36175 01804874 339 Handel. Międzynarodowe stosunki gospodarcze Książka
© 2023 Biblioteka Politechniki Koszalińskiej :: KOHA